| 000 | 00567nam a22001937a 4500 | ||
|---|---|---|---|
| 003 | 0 | ||
| 005 | 20250415141005.0 | ||
| 008 | 240923b xxu||||| |||| 00| 0 eng d | ||
| 020 | _a978-1-98467-973-4 | ||
| 050 |
_aT 58.6 _b.T57 2023 |
||
| 100 | _a3G E-learning | ||
| 245 |
_aManagement information systems _c3G E-learning |
||
| 250 | _a3rd ed. | ||
| 260 |
_aNew York _b3G E-learning _cC2023 |
||
| 300 |
_axi, 334p. : _bill. ; col. : _c26cm. |
||
| 500 | _aManagement information systems. | ||
| 650 | _aIncludes bibliographical references & index. | ||
| 942 |
_2lcc _cBK |
||
| 999 |
_c366358 _d366358 |
||